000 01017nam a2200265Ia 4500
003 OSt
005 20220923211552.0
006 a|||||r|||| 00| 0
007 ta
008 220922b |||||||| |||| 00| 0 kan d
020 _a9789385054082 (hbk)
_c575
024 _a289,230
037 _bBL186, 09/03/2016, K. K. Publications
_cTextual
040 _aARTS
_cARTS
_bkan
041 _2kan
_akan
082 _aO33,3N34,DW, 152Q5
100 _aभैरप्पा, एस. एल.; प्रधान गुरूदत्त, अनु.
_9160801
245 0 _aद्विधा
246 _aDvidhā
260 _aनयी दिल्ली
_b किताबघर प्रकाशन
_c2015
300 _a328पृ0
_ccm.
650 _aकन्नड़ कहानी
942 _hO33,3N34,DW, 152Q5
_cTEXL
_2CC
999 _c300839
_d300839